Statistiques concernant Paroles - Dadju & Tayc - I love you

Cliquez ici pour prendre le quiz!

Statistiques générales

  • Ce quiz a été pris 211 fois
  • Le résultat moyen est 317 sur 425

Statistiques - réponses

Réponse% Correct
I
97%
love
95%
you
91%
je
90%
Je
90%
me
90%
ma
89%
si
89%
ta
88%
te
88%
à
86%
et
86%
Et
86%
que
86%
Tu
85%
tu
85%
1
83%
oh
83%
Oh
83%
un
81%
baby
80%
de
80%
dis
80%
peu
80%
le
79%
t'aime
79%
répondre
77%
c'est
76%
C'est
76%
ça
74%
comme
74%
dois
74%
m'aimes
74%
main
74%
simple
74%
plus
73%
tellement
73%
va
73%
les
72%
tout
71%
prends
70%
yeux
70%
2
69%
ferme
69%
sens
69%
mieux
68%
moi
68%
font
67%
la
67%
mon
66%
répondrai
65%
pas
64%
toi
63%
vais
63%
casser
62%
importe
61%
61%
mes
59%
toutes
57%
ah
56%
une
54%
il
53%
j'ai
53%
chérie
52%
doit
51%
frappe
51%
oublié
51%
seconde
51%
montres
50%
pour
50%
quand
50%
temps
50%
c'que
48%
depuis
47%
lui
47%
mais
47%
nous
47%
passé
47%
s'écouler
47%
du
46%
j'aime
46%
finir
44%
foudre
44%
qui
44%
Dieu
43%
l'amour
43%
tes
42%
blessé
41%
demandé
41%
guérir
41%
mal
41%
m'coûter
41%
séparer
41%
suis
41%
veux
41%
pourquoi
40%
t'étais
39%
bobos
38%
cachée
38%
cœur
38%
est
38%
souffrir
38%
des
37%
dire
37%
déjà
36%
fuir
35%
sait
35%
Taykee
35%
avec
34%
cherche
34%
même
34%
son
34%
n'veut
33%
tous
33%
plan
32%
poitrine
32%
souffrance
32%
calé
31%
dis-moi
31%
écoute
31%
joie
30%
m'exaucer
30%
choses
29%
donne
29%
fait
29%
on
29%
pleurer
29%
laisse-moi
28%
cris
26%
donc
26%
larmes
26%
n'peut
26%
oublier
26%
allez
25%
fermer
24%
ciel
23%
cadeau
22%
devant
22%
t'ont
22%
c'qu'ils
21%
n'peux
19%
rappelle
19%
fais-moi
17%
garde-le
13%
prends-moi
13%
goumin
11%

Distribution des résultats

Percentile par nombre de réponses

% des personnes avec chaque résultat

Votre développement - résultats

Vous n’avez pas pris ce quiz